Economía política y capitalismo / (Registro nro. 11585)

Detalles MARC
000 -LEADER
fixed length control field 01160nam a2200265Ia 4500
003 - CONTROL NUMBER IDENTIFIER
control field OSt
005 - DATE AND TIME OF LATEST TRANSACTION
control field 20210427142923.0
008 - FIXED-LENGTH DATA ELEMENTS--GENERAL INFORMATION
fixed length control field 210310s1945 mx gr 000 0 spa d
020 ## - INTERNATIONAL STANDARD BOOK NUMBER
International Standard Book Number 0
040 ## - CATALOGING SOURCE
Original cataloging agency CO-JMCR
Transcribing agency CO-JMCR
041 0# - LANGUAGE CODE
Language code of text/sound track or separate title spa
082 04 - DEWEY DECIMAL CLASSIFICATION NUMBER
Classification number 335.41 /
Item number D633e
Edition number 23
100 1# - MAIN ENTRY--PERSONAL NAME
Personal name Dobb, Maurice,
Relator term autor
9 (RLIN) 2560
245 10 - TITLE STATEMENT
Title Economía política y capitalismo /
Statement of responsibility, etc. Maurice Dobb ; versión en español, Emigdio Martínez Adame
250 ## - EDITION STATEMENT
Edition statement Primera edición
260 ## - PUBLICATION, DISTRIBUTION, ETC.
Place of publication, distribution, etc. México :
Name of publisher, distributor, etc. Fondo de cultura económica,
Date of publication, distribution, etc. 1945.
300 ## - PHYSICAL DESCRIPTION
Other physical details 357 páginas ;
Dimensions 21 cm.
490 ## - SERIES STATEMENT
Series statement Pánuco ;
Volume/sequential designation 63.
505 0# - FORMATTED CONTENTS NOTE
Formatted contents note Requisitos de una teoría del valor. -- La economía política clásica. -- La economía política clásica y Marx. -- Las crisis económicas. -- La tendencia de la economía moderna. -- Fricciones y expectativas: algunas tendencias recientes de la teoría económica. -- Imperialismo. -- El problema de la ley económica en una economía socialista.
650 14 - SUBJECT ADDED ENTRY--TOPICAL TERM
Topical term or geographic name entry element Economía política.
9 (RLIN) 25915
650 24 - SUBJECT ADDED ENTRY--TOPICAL TERM
Topical term or geographic name entry element Socialismo.
9 (RLIN) 37202
650 24 - SUBJECT ADDED ENTRY--TOPICAL TERM
Topical term or geographic name entry element Capitalismo.
9 (RLIN) 37203
700 1# - ADDED ENTRY--PERSONAL NAME
Personal name Martínez Adame, Emigdio,
Relator term traductor
9 (RLIN) 2562
942 ## - ADDED ENTRY ELEMENTS (KOHA)
Source of classification or shelving scheme Dewey Decimal Classification
Koha item type Books
Existencias
Withdrawn status Lost status Source of classification or shelving scheme Damaged status Not for loan Home library Current library Shelving location Date acquired Source of acquisition Full call number Barcode Date last seen Copy number Price effective from Koha item type
    Dewey Decimal Classification     Biblioteca Pública José María del Castillo y Rada Biblioteca Pública José María del Castillo y Rada General Stacks 04/15/2018 Donación 335.41 / D633e 430003753 05/16/2024 Ej.1 03/10/2021 Books